| 000 | 00375nam a22001337a 4500 | ||
|---|---|---|---|
| 082 |
_a388.322 _bBUS _cD |
||
| 245 | _aBus transit monitoring manual | ||
| 260 |
_aWashington _bThe word bank _cc1981 |
||
| 300 |
_avii, 152 P. : _bill, _c24 cm. |
||
| 526 |
_a0 _b0 _c0 _d388_322000000000000_BUS |
||
| 526 |
_a0 _b0 _c0 _d388_322000000000000_BUS |
||
| 650 |
_aMCE _9379 |
||
| 942 |
_2ddc _cBK |
||
| 999 |
_c543330 _d543330 |
||